[Event "Titled Tuesday intern op 13th Jun Early"]
[Site "Chess.com INT"]
[Date "2023.06.13"]
[Round "9"]
[White "Ankudinova, Elena"]
[Black "Avazkhonov, Alikhon"]
[Result "0-1"]
[WhiteElo "1894"]
[BlackElo "1538"]
[PlyCount "56"]
[EventDate "2023.06.13"]
[EventType "swiss (blitz)"]
[EventRounds "11"]
[EventCountry "USA"]
[SourceTitle "EXT 2024"]
[Source "ChessBase"]
[SourceDate "2023.10.10"]
[SourceVersion "1"]
[SourceVersionDate "2023.10.10"]
[SourceQuality "1"]

1. c4 e5 2. Nc3 d6 3. g3 f5 4. Bg2 Nf6 5. d4 Be7 6. dxe5 dxe5 7. Qxd8+ Bxd8 8. e4 Nc6 9. Bg5 Nd4 10. 0-0-0 Nxe4 11. Nxe4 fxe4 12. Bxd8 Kxd8 13. Bxe4 Ke7 14. Nf3 Nxf3 15. Bxf3 Rf8 16. Rd3 Be6 17. Re1 Bxc4 18. Rc3 Be6 19. Rxc7+ Kd6 20. Rc3 Rac8 21. Rd1+ Ke7 22. Rdd3 Bxa2 23. Rxc8 Rxc8+ 24. Kd2 Bb1 25. Rb3 b6 26. Ke3 Rc1 27. Ra3 a5 28. Rb3 e4 0-1

[Event "Titled Tuesday intern op 16th May Early"]
[Site "Chess.com INT"]
[Date "2023.05.16"]
[Round "8"]
[White "Ankudinova, Elena"]
[Black "Li, Hui"]
[Result "0-1"]
[WhiteElo "1947"]
[BlackElo "1963"]
[PlyCount "92"]
[EventDate "2023.05.16"]
[EventType "swiss (blitz)"]
[EventRounds "11"]
[EventCountry "USA"]
[SourceTitle "CBM 214 Extra"]
[Source "ChessBase"]
[SourceDate "2023.07.31"]
[SourceVersion "1"]
[SourceVersionDate "2023.07.31"]
[SourceQuality "1"]

1. c4 e6 2. Nc3 d5 3. cxd5 exd5 4. d4 Nf6 5. Bg5 c6 6. Qc2 Be7 7. e3 Nbd7 8. Nf3 0-0 9. Bd3 Re8 10. 0-0 Nf8 11. Ne5 Ng4 12. Bxe7 Qxe7 13. Nxg4 Bxg4 14. Rae1 Bh5 15. a3 Bg6 16. f3 Bxd3 17. Qxd3 Ng6 18. Kh1 Rad8 19. Re2 Qd6 20. b4 a5 21. Rb1 axb4 22. Rxb4 Ra8 23. Na4 b5 24. Nc5 Ne5 25. dxe5 Qxc5 26. Rc2 Qb6 27. Qc3 h6 28. g3 Ra6 29. Kg2 Qb8 30. f4 Qb7 31. Rcb2 d4 32. Qc5 dxe3 33. R4b3 Qa7 34. Qxa7 Rxa7 35. Rxe3 Rea8 36. Rc3 Ra6 37. Rbc2 g5 38. Rxc6 gxf4 39. gxf4 Rxc6 40. Rxc6 Rxa3 41. Rb6 Rb3 42. f5 Kg7 43. Kf2 b4 44. Rb7 Kf8 45. f6 Kg8 46. Rb8+ Kh7 0-1

[Event "Titled Tuesday intern op 16th May Early"]
[Site "Chess.com INT"]
[Date "2023.05.16"]
[Round "10"]
[White "Ankudinova, Elena"]
[Black "Sanchez, Roberto Daniel"]
[Result "1-0"]
[WhiteElo "1947"]
[BlackElo "1966"]
[PlyCount "75"]
[EventDate "2023.05.16"]
[EventType "swiss (blitz)"]
[EventRounds "11"]
[EventCountry "USA"]
[SourceTitle "CBM 214 Extra"]
[Source "ChessBase"]
[SourceDate "2023.07.31"]
[SourceVersion "1"]
[SourceVersionDate "2023.07.31"]
[SourceQuality "1"]

1. c4 e5 2. Nc3 Nf6 3. Nf3 Nc6 4. e3 d5 5. cxd5 Nxd5 6. Bb5 Nxc3 7. bxc3 Bd6 8. d4 e4 9. Ng1 0-0 10. Ne2 Ne7 11. Ng3 f5 12. Qb3+ Kh8 13. Bd2 Ng6 14. 0-0-0 c6 15. Be2 a5 16. c4 a4 17. Qc2 Ba3+ 18. Kb1 c5 19. Bc3 Ra6 20. Ka1 Qe7 21. d5 Bb4 22. Nh5 Bxc3+ 23. Qxc3 Ne5 24. Rb1 g6 25. Nf4 Qg7 26. h4 Kg8 27. h5 g5 28. h6 Qh8 29. Ne6 Bxe6 30. dxe6 b6 31. Rbd1 Qf6 32. Rd6 Re8 33. Rh5 g4 34. f4 exf3 35. gxf3 Rxe6 36. Rxe6 Qxe6 37. f4 Qg6 38. Qxe5 1-0

[Event "Titled Tuesday intern op 16th May Early"]
[Site "Chess.com INT"]
[Date "2023.05.16"]
[Round "4"]
[White "Arat, Ufuk Sezen"]
[Black "Ankudinova, Elena"]
[Result "1-0"]
[WhiteElo "2389"]
[BlackElo "1947"]
[PlyCount "59"]
[EventDate "2023.05.16"]
[EventType "swiss (blitz)"]
[EventRounds "11"]
[EventCountry "USA"]
[SourceTitle "CBM 214 Extra"]
[Source "ChessBase"]
[SourceDate "2023.07.31"]
[SourceVersion "1"]
[SourceVersionDate "2023.07.31"]
[SourceQuality "1"]

1. e4 Nf6 2. e5 Nd5 3. d4 d6 4. Nf3 Bg4 5. Be2 e6 6. c4 Nb6 7. exd6 cxd6 8. h3 Bxf3 9. Bxf3 d5 10. cxd5 Nxd5 11. 0-0 Be7 12. Qb3 Qd7 13. Nc3 Nxc3 14. bxc3 Nc6 15. Rb1 Rb8 16. d5 Ne5 17. Be2 exd5 18. Bb5 Nc6 19. Bf4 Rd8 20. Ba4 0-0 21. Qxb7 Qxb7 22. Rxb7 Bd6 23. Bg5 f6 24. Be3 Rc8 25. Bb3 Ne7 26. Rxa7 Rxc3 27. Rd1 Rfc8 28. g4 Kf7 29. Rxd5 Kg6 30. Rxd6 1-0

[Event "Titled Tuesday intern op 16th May Early"]
[Site "Chess.com INT"]
[Date "2023.05.16"]
[Round "11"]
[White "Pein, Jonathan"]
[Black "Ankudinova, Elena"]
[Result "1-0"]
[WhiteElo "2265"]
[BlackElo "1947"]
[PlyCount "137"]
[EventDate "2023.05.16"]
[EventType "swiss (blitz)"]
[EventRounds "11"]
[EventCountry "USA"]
[SourceTitle "CBM 214 Extra"]
[Source "ChessBase"]
[SourceDate "2023.07.31"]
[SourceVersion "1"]
[SourceVersionDate "2023.07.31"]
[SourceQuality "1"]

1. e4 c6 2. b3 d5 3. Bb2 dxe4 4. Nc3 Nf6 5. Nge2 Bf5 6. Ng3 Bg6 7. h4 h6 8. h5 Bh7 9. Qe2 e6 10. Ngxe4 Be7 11. 0-0-0 Nbd7 12. Kb1 Qc7 13. g4 Nxe4 14. Nxe4 Bxe4 15. Qxe4 Bf6 16. d4 a5 17. a4 0-0-0 18. f4 Nb6 19. Bh3 Qd6 20. c4 Qb4 21. Qc2 Kb8 22. Rh2 Rd7 23. Rhd2 Rhd8 24. Bc3 Qe7 25. Bxa5 Ka7 26. Qc3 Ra8 27. Bg2 c5 28. Qf3 cxd4 29. g5 hxg5 30. fxg5 Be5 31. Qe4 f6 32. gxf6 gxf6 33. h6 Ka6 34. Bxb6 Kxb6 35. h7 Qxh7 36. Kc2 Kc5 37. Rh1 Qxe4+ 38. Bxe4 Rg8 39. Rb1 Kb4 40. Rh1 Rg3 41. Bd3 Bf4 42. Re2 e5 43. Rh8 Rdg7 44. Rb8 Kc5 45. Rc8+ Kb4 46. c5 R3g5 47. c6 bxc6 48. Rxc6 f5 49. Kb2 Rg2 50. Rb6+ Kc5 51. Rb5+ Kd6 52. Rc2 Rxc2+ 53. Bxc2 Rg2 54. Kb1 Bd2 55. Bxf5 Bc3 56. Be4 Re2 57. Bd3 Rb2+ 58. Kc1 Rd2 59. Bc2 Re2 60. Bd3 Re1+ 61. Kc2 e4 62. Bc4 e3 63. Rd5+ Kc6 64. Re5 Ra1 65. Re6+ Kd7 66. Re5 Ra2+ 67. Kd3 Rd2+ 68. Ke4 e2 69. Kf3 1-0

[Event "Titled Tuesday intern op 09th May Early"]
[Site "Chess.com INT"]
[Date "2023.05.09"]
[Round "4"]
[White "Glashausser, Sho"]
[Black "Ankudinova, Elena"]
[Result "1-0"]
[WhiteElo "1978"]
[BlackElo "1947"]
[PlyCount "79"]
[EventDate "2023.05.09"]
[EventType "swiss (blitz)"]
[EventRounds "11"]
[EventCountry "USA"]
[SourceTitle "CBM 214 Extra"]
[Source "ChessBase"]
[SourceDate "2023.07.31"]
[SourceVersion "1"]
[SourceVersionDate "2023.07.31"]
[SourceQuality "1"]

1. Nf3 Nf6 2. d4 d5 3. e3 e6 4. Bd3 Bd6 5. Nbd2 Nbd7 6. b3 b6 7. Bb2 Bb7 8. 0-0 0-0 9. Ne5 Ne8 10. f4 f6 11. Qh5 f5 12. Rf3 Nef6 13. Qh4 Bxe5 14. fxe5 Ne4 15. Qxd8 Raxd8 16. Rd1 h6 17. Rff1 Kh7 18. Nxe4 fxe4 19. Be2 Nb8 20. Bg4 Bc8 21. Ba3 Rxf1+ 22. Rxf1 Kg8 23. c4 c6 24. Bd6 Na6 25. Bh5 Bd7 26. Rf7 c5 27. cxd5 exd5 28. Re7 Nb4 29. dxc5 bxc5 30. Bxc5 Nxa2 31. Bf7+ Kh7 32. Bxd5 Bf5 33. Bd6 Nc3 34. Bc4 Nd1 35. Rxa7 Nxe3 36. Kf2 Ng4+ 37. Kg3 Re8 38. b4 Nxe5 39. Bxe5 Rxe5 40. Kf4 1-0

[Event "Titled Tuesday intern op 20th Dec Early"]
[Site "Chess.com INT"]
[Date "2022.12.20"]
[Round "5"]
[White "Vargas, Mauricio"]
[Black "Ankudinova, Elena"]
[Result "0-1"]
[WhiteElo "2125"]
[BlackElo "1990"]
[PlyCount "44"]
[EventDate "2022.12.20"]
[EventType "swiss (blitz)"]
[EventRounds "11"]
[EventCountry "USA"]
[SourceTitle "EXT 2024"]
[Source "ChessBase"]
[SourceDate "2023.10.10"]
[SourceVersion "1"]
[SourceVersionDate "2023.10.10"]
[SourceQuality "1"]

1. e4 Nf6 2. e5 Nd5 3. Nc3 e6 4. Bc4 Nxc3 5. dxc3 b6 6. f4 Bb7 7. Nf3 d5 8. exd6 Bxd6 9. 0-0 0-0 10. Qe1 Nd7 11. Be3 Nf6 12. h3 c5 13. Rd1 Qc7 14. Qh4 Rad8 15. a4 h6 16. b3 Ne4 17. Bd3 Nxc3 18. Rde1 Nd5 19. Bc1 Bxf4 20. Bxf4 Nxf4 21. Ng5 Nxd3 22. Nxf7 Rxf7 0-1

[Event "Titled Tuesday intern op 29th Nov Early"]
[Site "Chess.com INT"]
[Date "2022.11.29"]
[Round "2"]
[White "Osinovsky, Stepan"]
[Black "Ankudinova, Elena"]
[Result "1-0"]
[WhiteElo "2241"]
[BlackElo "1990"]
[PlyCount "43"]
[EventDate "2022.11.29"]
[EventType "swiss (blitz)"]
[EventRounds "11"]
[EventCountry "USA"]
[SourceTitle "EXT 2024"]
[Source "ChessBase"]
[SourceDate "2023.10.10"]
[SourceVersion "1"]
[SourceVersionDate "2023.10.10"]
[SourceQuality "1"]

1. e4 Nf6 2. e5 Nd5 3. c4 Nb6 4. c5 Nd5 5. Nc3 e6 6. Qg4 b6 7. Nf3 bxc5 8. Bc4 f5 9. exf6 Nxf6 10. Qg3 Nc6 11. 0-0 d5 12. Bb5 Bd7 13. Re1 Bd6 14. Qxg7 Rg8 15. Rxe6+ Be7 16. Qxf6 Rg6 17. Qh8+ Kf7 18. Qxh7+ Rg7 19. Qf5+ Bf6 20. Rxf6+ Qxf6 21. Qxd7+ Ne7 22. Nxd5 1-0

[Event "Kazakhstan Cup (Women)"]
[Site "Almaty"]
[Date "2019.12.14"]
[Round "4"]
[White "Nakhbayeva, Guliskhan"]
[Black "Ankudinova, Elena"]
[Result "1-0"]
[WhiteElo "2296"]
[BlackElo "2093"]
[PlyCount "33"]
[EventDate "2019.12.12"]
[EventType "tourn"]
[EventRounds "9"]
[EventCountry "KAZ"]
[SourceTitle "CBM 193 Extra"]
[Source "ChessBase"]
[SourceDate "2020.01.31"]
[SourceVersion "1"]
[SourceVersionDate "2020.01.31"]
[SourceQuality "1"]

1. d4 d5 2. c4 c6 3. Nc3 Nf6 4. e3 g6 5. Nf3 Bg7 6. Bd3 0-0 7. h3 Bf5 8. Bxf5 gxf5 9. Qc2 dxc4 10. Qxf5 Na6 11. Ne5 c5 12. 0-0 cxd4 13. exd4 e6 14. Qg5 Rc8 15. Qg3 Qxd4 16. Rd1 Nh5 17. Qxg7+ 1-0

[Event "Kazakhstan Cup (Women)"]
[Site "Almaty"]
[Date "2019.12.13"]
[Round "2"]
[White "Dauletova, Gulmira"]
[Black "Ankudinova, Elena"]
[Result "1-0"]
[WhiteElo "2250"]
[BlackElo "2093"]
[PlyCount "173"]
[EventDate "2019.12.12"]
[EventType "tourn"]
[EventRounds "9"]
[EventCountry "KAZ"]
[SourceTitle "CBM 193 Extra"]
[Source "ChessBase"]
[SourceDate "2020.01.31"]
[SourceVersion "1"]
[SourceVersionDate "2020.01.31"]
[SourceQuality "1"]

1. e4 c6 2. d4 d5 3. Nd2 dxe4 4. Nxe4 Nd7 5. Nf3 Ngf6 6. Neg5 h6 7. Nh3 e6 8. Nf4 Bd6 9. Nd3 Qc7 10. Be2 b6 11. 0-0 Bb7 12. b3 0-0 13. Bb2 c5 14. h3 Rfd8 15. c4 Rac8 16. Qc1 Bxf3 17. Bxf3 cxd4 18. Be2 e5 19. f3 Nc5 20. Nxc5 bxc5 21. Qc2 Qd7 22. Bd3 g6 23. Bc1 Kg7 24. Bd2 Re8 25. a3 Bb8 26. Rae1 Qc7 27. Be4 Rcd8 28. g4 Nxe4 29. fxe4 Qe7 30. Qc1 g5 31. Rf5 Rd6 32. Ref1 Rg6 33. b4 Bd6 34. b5 Qb7 35. Qc2 Re7 36. a4 a6 37. Qd3 Rc7 38. Qf3 Re6 39. Ba5 Rd7 40. Bd2 Bf8 41. Rxe5 Rxe5 42. Qf6+ Kg8 43. Qxe5 axb5 44. axb5 Re7 45. Qd5 Qc7 46. Kg2 Re6 47. Re1 Bd6 48. Qa8+ Kg7 49. Ba5 Qb8 50. Qxb8 Bxb8 51. Bd8 Kf8 52. Ba5 Ke7 53. Bd2 Kd6 54. h4 f6 55. Kf3 Kd7 56. Ra1 Kc8 57. h5 Kb7 58. Ra3 Be5 59. Bc1 Bc7 60. Ra4 Bb6 61. Bd2 Re8 62. Ra6 Re5 63. Be1 Re8 64. Ra3 Bc7 65. Ra6 Bb6 66. Ra1 Bc7 67. Bd2 Re6 68. Ra4 Re8 69. Ra6 Bb6 70. Bc1 Re6 71. Bd2 Re8 72. Be1 Rd8 73. Ra1 Bc7 74. Bd2 Re8 75. Ra3 Bb6 76. Be1 Re6 77. Bg3 Bd8 78. e5 fxe5 79. Ke4 Re8 80. Rf3 Kb6 81. Rf5 Ka5 82. Rxe5 Rxe5+ 83. Bxe5 Kb4 84. Kd3 Ka5 85. Bg7 Kb6 86. Bxh6 Bf6 87. Bf8 1-0

[Event "Wch Seniors 50 (Women) 29th"]
[Site "Bucharest"]
[Date "2019.11.15"]
[Round "4"]
[White "Ankudinova, Elena"]
[Black "Makropoulou, Marina"]
[Result "1/2-1/2"]
[WhiteElo "2051"]
[BlackElo "2174"]
[PlyCount "81"]
[EventDate "2019.11.12"]
[EventType "swiss"]
[EventRounds "11"]
[EventCountry "ROU"]
[SourceTitle "CBM 193 Extra"]
[Source "ChessBase"]
[SourceDate "2020.01.31"]
[SourceVersion "1"]
[SourceVersionDate "2020.01.31"]
[SourceQuality "1"]

1. c4 e5 2. Nc3 Nf6 3. Nf3 Nc6 4. d4 exd4 5. Nxd4 Bb4 6. g3 0-0 7. Bg2 Ne5 8. Qb3 Bc5 9. Nf3 Nxf3+ 10. Bxf3 d6 11. 0-0 Rb8 12. Rd1 a6 13. Na4 Ba7 14. c5 Be6 15. Qc2 Qe7 16. cxd6 cxd6 17. Bf4 Rfd8 18. Qd2 Rbc8 19. b3 d5 20. Bg5 h6 21. Bxf6 Qxf6 22. Nb2 b5 23. Nd3 Bf5 24. Rac1 Rxc1 25. Rxc1 Be4 26. Qf4 Qxf4 27. Nxf4 g5 28. Nd3 Rd6 29. g4 Bxd3 30. exd3 Kg7 31. Rc7 Bb6 32. Rb7 Bc5 33. Kf1 Bd4 34. Rc7 Bb6 35. Re7 Bd4 36. Kg2 Bf6 37. Rc7 Bd4 38. a4 bxa4 39. bxa4 Bb6 40. Rb7 Bd4 41. Rb4 1/2-1/2

[Event "Wch Seniors 50 (Women) 29th"]
[Site "Bucharest"]
[Date "2019.11.12"]
[Round "1"]
[White "Schleining, Zoya"]
[Black "Ankudinova, Elena"]
[Result "0-1"]
[WhiteElo "2344"]
[BlackElo "2051"]
[PlyCount "94"]
[EventDate "2019.11.12"]
[EventType "swiss"]
[EventRounds "11"]
[EventCountry "ROU"]
[SourceTitle "CBM 193 Extra"]
[Source "ChessBase"]
[SourceDate "2020.01.31"]
[SourceVersion "1"]
[SourceVersionDate "2020.01.31"]
[SourceQuality "1"]

1. c4 e6 2. Nc3 d5 3. d4 Nf6 4. Bg5 Be7 5. Nf3 0-0 6. e3 Nbd7 7. Rc1 c6 8. a3 h6 9. Bf4 dxc4 10. Bxc4 Nd5 11. Bg3 Nxc3 12. Rxc3 b5 13. Be2 b4 14. Rxc6 bxa3 15. bxa3 Bxa3 16. 0-0 a5 17. Qa1 Bb4 18. Rfc1 Nf6 19. Bc7 Qe7 20. Be5 Bd7 21. Rc7 Rfc8 22. Bb5 Rxc7 23. Rxc7 Bxb5 24. Rxe7 Bxe7 25. Qb1 Bc6 26. Qb6 Bd5 27. Bd6 Bxd6 28. Qxd6 a4 29. Qa3 Ne4 30. Ne1 Nd2 31. Nc2 Nc4 32. Qc3 Rb8 33. f3 Rb1+ 34. Kf2 Rb3 35. Qa1 a3 36. e4 Rb2 37. exd5 Rxc2+ 38. Kg3 exd5 39. Qe1 a2 40. Qe8+ Kh7 41. Qa4 g6 42. h4 h5 43. Kh3 Rd2 44. g4 hxg4+ 45. Kxg4 Rxd4+ 46. Kg5 Kg7 47. Qa7 a1Q 0-1

[Event "Wch Seniors 50 (Women) 28th"]
[Site "Bled"]
[Date "2018.11.26"]
[Round "8"]
[White "Ankudinova, Elena"]
[Black "Grabuzova, Tatiana"]
[Result "1/2-1/2"]
[WhiteElo "2107"]
[BlackElo "2326"]
[PlyCount "168"]
[EventDate "2018.11.18"]
[EventType "swiss"]
[EventRounds "11"]
[EventCountry "SLO"]
[SourceTitle "CBM 187 Extra"]
[Source "ChessBase"]
[SourceDate "2018.11.04"]
[SourceVersion "1"]
[SourceVersionDate "2018.11.04"]
[SourceQuality "1"]

1. c4 Nf6 2. Nc3 e6 3. e4 d5 4. e5 d4 5. exf6 dxc3 6. bxc3 Qxf6 7. d4 Bd6 8. Nf3 h6 9. Bd3 c5 10. 0-0 Nc6 11. Be4 0-0 12. Rb1 e5 13. Bxc6 bxc6 14. dxe5 Bxe5 15. Nxe5 Qxe5 16. Be3 Be6 17. Qa4 Qe4 18. Bxc5 Rfe8 19. Bd4 Qe2 20. Qxc6 Bxc4 21. a4 Rac8 22. Qd7 a6 23. h3 Red8 24. Qa7 Qe8 25. Rfe1 Qxa4 26. Re3 Rd7 27. Qb6 Qc6 28. Qxc6 Rxc6 29. Rb8+ Kh7 30. Ree8 h5 31. h4 f6 32. Kh2 Re6 33. Rec8 Be2 34. Kg3 Bf1 35. Re8 Rxe8 36. Rxe8 Kg6 37. Rc8 Re7 38. Be3 Re4 39. Bf4 Bxg2 40. c4 Bh3 41. Kxh3 Rxf4 42. Kg3 Rg4+ 43. Kh3 Rg1 44. c5 Rc1 45. c6 Kf5 46. Kg3 Rc3+ 47. f3 Rc2 48. c7 Rc3 49. Ra8 Rxc7 50. Rxa6 Rc5 51. Ra7 g5 52. hxg5 fxg5 53. Rh7 h4+ 54. Kf2 Rc2+ 55. Ke3 Rc3+ 56. Kf2 Rc2+ 57. Ke3 Kg6 58. Rh8 Rc7 59. Kf2 Rh7 60. Rg8+ Kf6 61. Kg2 Rc7 62. f4 Rc2+ 63. Kg1 gxf4 64. Rg4 Kf5 65. Rxh4 Ke4 66. Rh3 Re2 67. Kf1 Re3 68. Rh8 Ra3 69. Rb8 Kf3 70. Kg1 Ra1+ 71. Kh2 Re1 72. Rb4 Re4 73. Rb1 Kf2 74. Kh3 f3 75. Rb2+ Re2 76. Rb1 Rd2 77. Kh2 Re2 78. Ra1 Rd2 79. Rb1 Ke2 80. Kg1 Rd4 81. Rb2+ Ke3 82. Rb3+ Kf4 83. Rb8 Ke3 84. Re8+ Re4 1/2-1/2

[Event "KAZ-ch (Women)"]
[Site "Almaty"]
[Date "2018.04.26"]
[Round "7"]
[White "Nakhbayeva, Guliskhan"]
[Black "Ankudinova, Elena"]
[Result "1-0"]
[WhiteElo "2314"]
[BlackElo "2090"]
[PlyCount "99"]
[EventDate "2018.04.20"]
[EventType "tourn"]
[EventRounds "9"]
[EventCountry "KAZ"]
[SourceTitle "CBM 184 Extra"]
[Source "ChessBase"]
[SourceDate "2018.06.28"]
[SourceVersion "1"]
[SourceVersionDate "2018.06.28"]
[SourceQuality "1"]

1. d4 d5 2. c4 Nc6 3. Nc3 Nf6 4. Nf3 e6 5. e3 Bb4 6. Bd3 0-0 7. 0-0 Re8 8. Ne5 Nxe5 9. dxe5 dxc4 10. Bxc4 Qxd1 11. Rxd1 Nd7 12. Nb5 Ba5 13. f4 a6 14. Nd4 Nb6 15. Be2 Bd7 16. Bf3 Rab8 17. Nb3 Bb4 18. Bd2 Be7 19. Rac1 Rec8 20. Na5 Nd5 21. Be1 Kf8 22. Bxd5 exd5 23. Rxd5 Be6 24. Rd2 Bb4 25. Rdc2 Bxa5 26. Bxa5 b6 27. Bd2 c5 28. e4 a5 29. b3 Rd8 30. f5 Bc8 31. Bc3 Bb7 32. e6 Re8 33. Be5 Rbc8 34. Bd6+ Kg8 35. exf7+ Kxf7 36. e5 g6 37. Rf2 gxf5 38. Rxf5+ Kg7 39. Rcf1 Bd5 40. Rg5+ Kh6 41. h4 Be4 42. Rf6+ Bg6 43. e6 Rc6 44. Bf4 Kg7 45. Rf7+ Kg8 46. h5 Rexe6 47. hxg6 Rxg6 48. Rxg6+ hxg6 49. Rb7 c4 50. Rc7 1-0

[Event "KAZ-ch (Women)"]
[Site "Almaty"]
[Date "2018.04.21"]
[Round "2"]
[White "Ankudinova, Elena"]
[Black "Kurmangalieva, Liya"]
[Result "1-0"]
[WhiteElo "2090"]
[BlackElo "1725"]
[PlyCount "55"]
[EventDate "2018.04.20"]
[EventType "tourn"]
[EventRounds "9"]
[EventCountry "KAZ"]
[SourceTitle "CBM 184 Extra"]
[Source "ChessBase"]
[SourceDate "2018.06.28"]
[SourceVersion "1"]
[SourceVersionDate "2018.06.28"]
[SourceQuality "1"]

1. Nf3 Nf6 2. c4 c6 3. b3 d5 4. Bb2 Bg4 5. Ne5 Bf5 6. e3 Nbd7 7. f4 Nxe5 8. fxe5 Ne4 9. Be2 e6 10. 0-0 Qg5 11. cxd5 Bh3 12. Bf3 exd5 13. Qe2 Nc5 14. d4 Nd7 15. Nc3 Be6 16. e4 dxe4 17. Nxe4 Qd8 18. Bh5 Be7 19. Bxf7+ Bxf7 20. Rxf7 Kxf7 21. Rf1+ Nf6 22. exf6 Bxf6 23. Nxf6 gxf6 24. d5 Qb6+ 25. Kh1 cxd5 26. Qe5 f5 27. Rxf5+ Kg8 28. Qg7# 1-0

[Event "Pavlodar op"]
[Site "Pavlodar"]
[Date "2017.11.23"]
[Round "3"]
[White "Ankudinova, Elena"]
[Black "Alimbetov, Dias"]
[Result "0-1"]
[WhiteElo "2133"]
[BlackElo "1744"]
[PlyCount "58"]
[EventDate "2017.11.21"]
[EventType "swiss"]
[EventRounds "9"]
[EventCountry "KAZ"]
[SourceTitle "EXT 2019"]
[Source "ChessBase"]
[SourceDate "2018.10.10"]
[SourceVersion "1"]
[SourceVersionDate "2018.10.10"]
[SourceQuality "1"]

1. Nf3 Nf6 2. b3 g6 3. Bb2 Bg7 4. e4 d6 5. h3 Nc6 6. Bb5 Bd7 7. 0-0 0-0 8. Re1 e5 9. d3 Qe7 10. Nc3 Rae8 11. Bxc6 bxc6 12. Ne2 Nh5 13. g4 Nf6 14. Ng3 Nxg4 15. hxg4 Bxg4 16. Nf1 f5 17. N1h2 Bh5 18. Kg2 Qd7 19. Qd2 f4 20. Ng1 f3+ 21. Kh1 Rf4 22. d4 Qe7 23. Qe3 Ref8 24. Nh3 Rh4 25. Qg5 Bf6 26. Qg3 Qd7 27. Ng5 Bxg5 28. Qxg5 Rff4 29. dxe5 Rfg4 0-1